ARRUPE JESUIT UNIVERSITY

CORONAVIRUS -STOP THE SPREAD - CLEAN,DISINFECT,COVER

Embouteillage : (Record no. 118823)

MARC details
000 -LEADER
fixed length control field 00861mam a2200265 a 4500
001 - CONTROL NUMBER
control field 1733767
003 - CONTROL NUMBER IDENTIFIER
control field ARRUPE
005 - DATE AND TIME OF LATEST TRANSACTION
control field 20131127170856.0
008 - FIXED-LENGTH DATA ELEMENTS--GENERAL INFORMATION
fixed length control field 940902s1992 iv 000 1 fre
010 ## - LIBRARY OF CONGRESS CONTROL NUMBER
LC control number 94204616
020 ## - INTERNATIONAL STANDARD BOOK NUMBER
International Standard Book Number 2909238008
035 ## - SYSTEM CONTROL NUMBER
System control number (OCoLC)ocm32168083
035 ## - SYSTEM CONTROL NUMBER
System control number (NNC)1733767
040 ## - CATALOGING SOURCE
Original cataloging agency DLC
Transcribing agency DLC
050 00 - LIBRARY OF CONGRESS CALL NUMBER
Classification number PR9371.9C6
Item number E4 1993
300 ## - PHYSICAL DESCRIPTION
Dimensions 18 cm.
100 1# - MAIN ENTRY--PERSONAL NAME
Personal name Coulibaly, Micheline.
9 (RLIN) 4319
245 10 - TITLE STATEMENT
Title Embouteillage :
Remainder of title nouvelles /
Statement of responsibility, etc Micheline Coulibaly.
260 ## - PUBLICATION, DISTRIBUTION, ETC. (IMPRINT)
Place of publication, distribution, etc Abidjan, Côte d'Ivoire :
Name of publisher, distributor, etc Edilis,
Date of publication, distribution, etc [1992]
300 ## - PHYSICAL DESCRIPTION
Extent 144 p. ;
490 1# - SERIES STATEMENT
Series statement Collection "Ardeurs tropicales"
505 0# - FORMATTED CONTENTS NOTE
Formatted contents note Sauve qui peut! -- Flagrant délit -- Imbroglio -- Embouteillage -- Guet-apens -- Invitée surprise -- Sans issue -- Mon homme.
830 #0 - SERIES ADDED ENTRY--UNIFORM TITLE
Uniform title Collection "Ardeurs tropicales."
9 (RLIN) 4320
942 ## - ADDED ENTRY ELEMENTS (KOHA)
Source of classification or shelving scheme Library of Congress Classification
Koha item type Monograph ( Printed materials)
Holdings
Withdrawn status Lost status Source of classification or shelving scheme Damaged status Not for loan Collection code Home library Current library Shelving location Date acquired Total Checkouts Full call number Barcode Date last seen Price effective from Koha item type
    Library of Congress Classification     Main Collection ARRUPE LIBRARY ARRUPE LIBRARY Main Collection 27/11/2013   PR9371.9C6 E4 1993 46410375 27/11/2013 27/11/2013 Monograph ( Printed materials)

 

Arrupe Library. PO Box MP320 Mt Pleasant, Harare, Zimbabwe
263 242 745411|librarian@aju.ac.zw